| 000 | 00548nam a2200217 a 4500 | ||
|---|---|---|---|
| 999 |
_c4695 _d4695 |
||
| 001 | 4695 | ||
| 003 | BD-JhCC | ||
| 005 | 20211118134021.0 | ||
| 008 | 171129s1963 bg |||| ||a| 001 0 eng d | ||
| 035 | _a(BD-JhCC)4695 | ||
| 040 |
_aBD-JhCC _dBD-JhCC |
||
| 041 | _aeng | ||
| 082 |
_a823.8 _bWEL 1963 |
||
| 100 | _aWells, H.G. | ||
| 245 |
_aThe War Of The Worlds / _cH.G. Wells |
||
| 260 |
_aLondon: _bheinemann Educational Books Ltd, _c1963 |
||
| 300 |
_a225 p. : _c18 cm. |
||
| 650 | _aHistorical Fiction | ||
| 942 |
_2ddc _cBK _01 |
||